00650nam a2200193Ia 4500003000900000008004100009040001600050080001600066100002700082245010600109260003500215300001400250650003100264650002800295650001900323942000700342999001500349952009200364IN-BaIIA211028s9999 xx 000 0 eng d cIIA Library a539.29bROB aRoberts, John D.94047 0aNotes on molecular orbital calculationscJohn D. Roberts  aNew YorkbW. A. Benjaminc1962 aix, 156p. aMolecular collisions94048 aMolecular physics91914 aNASA Thesaurus cBK c2249d2249 00104070aBANbBANcGENd0000-00-00l0o539.29/ ROBp2519r2021-11-05w0000-00-00yBK